Introducción a la ciencia de las computadoras (Record no. 146690)

MARC details
000 -LEADER
campo de control de longitud fija 00816nam a2200229 i 4500
001 - NÚMERO DE CONTROL
campo de control 146690
003 - IDENTIFICADOR DE NÚMERO DE CONTROL
campo de control ES-MaACL
005 - FECHA Y HORA DE LA ÚLTIMA TRANSACCIÓN
campo de control 20230906201632.0
007 - CAMPO FIJO DE DESCRIPCIÓN FÍSICA--INFORMACIÓN GENERAL
campo de control de longitud fija t|
008 - DATOS DE LONGITUD FIJA--INFORMACIÓN GENERAL
campo de control de longitud fija 070914s1982 mx ||||1| spa d
020 ## - NÚMERO INTERNACIONAL ESTÁNDAR DEL LIBRO
Número Internacional Estándar del Libro 84-85240-26-X
100 1# - ENTRADA PRINCIPAL--NOMBRE DE PERSONA
Nombre de persona Tremblay, Jean-Paul.
9 (RLIN) 111301
245 10 - MENCIÓN DEL TÍTULO
Título Introducción a la ciencia de las computadoras
Resto del título : enfoque algorítmico /
Mención de responsabilidad, etc. Jean-Paul Tremblay, Richard B. Bunt ; traducción Caupolicán Muñoz Gamboa ; revisión técnica de José R. Cen Zubierta.
260 ## - PUBLICACIÓN, DISTRIBUCIÓN, ETC.
Lugar de publicación, distribución, etc. Mexico [etc.] :
Nombre del editor, distribuidor, etc. McGraw-Hill,
Fecha de publicación, distribución, etc. 1982.
300 ## - DESCRIPCIÓN FÍSICA
Extensión 486 p. ;
Dimensiones 24 cm.
650 04 - PUNTO DE ACCESO ADICIONAL DE MATERIA--TÉRMINO DE MATERIA
Término de materia o nombre geográfico como elemento de entrada Ordenadores.
9 (RLIN) 15740
700 1# - ENTRADA AGREGADA--NOMBRE PERSONAL
Nombre de persona Bunt, Richard B.
9 (RLIN) 32556
700 1# - ENTRADA AGREGADA--NOMBRE PERSONAL
Nombre de persona Muñoz Gamboa, Caupolicán.
9 (RLIN) 84420
700 1# - ENTRADA AGREGADA--NOMBRE PERSONAL
Nombre de persona Cen Zubieta, José R.
9 (RLIN) 221220
852 ## - LOCALIZACIÓN
Ubicación ES-MaACL
Número de control de estantería L-8937
Sublocalización o colección R.108541
Holdings
Estatus retirado Estado de pérdida Estado de daño No para préstamo Biblioteca de origen Biblioteca actual Ubicación en estantería Fecha de adquisición Fuente de adquisición Total de préstamos Signatura topográfica completa Código de barras Visto por última vez Precio de reemplazo Tipo de ítem Koha
        Biblioteca del Ateneo de Madrid Biblioteca del Ateneo de Madrid Depósito 2 17/01/2008     L-8937 1153099 23/02/2023 23/02/2023 Libro impreso